• 首页
  • 本馆介绍
  • 公告通知
  • 最新文献
  • 馆藏检索
  • 电子资源
  • 读者导购
  • 参考咨询
  • 我的图书馆
  • 登录
  • 详细信息显示
  • 放入我的书架
  • 预约/预借图书
  • 作者相关作品
  • 分类相关作品
  • 丛书相关作品
  • 出版社相关作品

书目信息

  • 表格格式
  • 工作单格式
  • 卡片格式
题名:
肿瘤外科学
    
 
作者: 封国生 , 封国生 主编
分册:  
出版信息: 北京   人民卫生出版社  2007.02
页数: 569页
开本: 29cm
丛书名:
单 册:
中图分类: R730.56
科图分类:
主题词: 肿瘤学--zhong liu xue--外科学
电子资源:
ISBN: 978-7-117-08221-1
000 01115 nam 000277
001 0100000422
005 20070629095709.71
010    @a978-7-117-08221-1@dCNY84.00
100    @a20070609d2007 ekmy0chiy50 ea
101 0  @achi
102    @aCN@b110000
105    @ay z 000yy
200 1  @a肿瘤外科学@Azhong liu wai ke xue@d= Surgical oncology@zeng@f封国生等主编@Ffeng guo sheng deng zhu bian
210    @a北京@c人民卫生出版社@d2007.02
215    @a569页@d29cm
304    @a本书著者还有黎前德、高宏、房彤
330    @a本书分为三篇。上篇新进展,包括:肿瘤病因、肿瘤流行病学、肿瘤外科特点、分子生物学与肿瘤外科;中篇各论,包括:颅与椎管内肿瘤、眼部肿瘤、鼻咽喉部肿瘤、耳部肿瘤、口腔癌等;下篇常用诊疗技术,包括合理选用影像学诊断方法、核素显像在肿瘤诊断中的应用、超声引导下介入诊疗技术、肿瘤放射治疗等。
510 1  @aSurgical oncology@zeng
606 0  @a肿瘤学@Azhong liu xue@x外科学
690    @aR730.56@v4
701  0 @a封国生@Afeng guo shen@4主编
701  0 @a封国生@Afeng guo sheng@4主编
801  0 @aCN@bYXSD@c20070629
901    @a1111
905    @aBZT@dR730.56@e1@f6
906    @dCNY84.00@n0@r1
    
    肿瘤外科学= Surgical oncology/封国生等主编.-北京:人民卫生出版社,2007.02
    569页;29cm
    
    
    ISBN 978-7-117-08221-1:CNY84.00
    本书分为三篇。上篇新进展,包括:肿瘤病因、肿瘤流行病学、肿瘤外科特点、分子生物学与肿瘤外科;中篇各论,包括:颅与椎管内肿瘤、眼部肿瘤、鼻咽喉部肿瘤、耳部肿瘤、口腔癌等;下篇常用诊疗技术,包括合理选用影像学诊断方法、核素显像在肿瘤诊断中的应用、超声引导下介入诊疗技术、肿瘤放射治疗等。
●
相关链接 在五车中查询图书 在当当中查询图书 在豆瓣中查询图书


正题名:肿瘤外科学     索取号:R730.56/1         预约/预借

序号 登录号 条形码 馆藏地/架位号 状态 备注
1 0567962   230189287   样本书库/样003架B面1层2列/ [索取号:R730.56/1] 在馆    
2 0567963   230189286   中心书库中库/ 中库013架B面4列5层4/ [索取号:R730.56/1] 在馆    
3 0567964   230189285   中心书库中库/ 中库013架B面4列5层2/ [索取号:R730.56/1] 在馆    
4 0567965   230189284   中心书库中库/ 中库013架B面4列5层5/ [索取号:R730.56/1] 在馆    
5 0567966   230189283   中心书库中库/ 中库013架B面4列5层3/ [索取号:R730.56/1] 在馆    
6 0567967   230189282   中心书库中库/ 中库013架B面4列5层1/ [索取号:R730.56/1] 在馆    
山东省滨州职业学院图书馆 欢迎您!
大连网信软件有限公司© 版权所有